Statistics for Elements that are Gases at Room Temperature

Click here to take the quiz!

General Stats

  • This quiz has been taken 15,859 times
  • The average score is 8 of 11

Answer Stats

Element % Correct
Oxygen
95%
Helium
93%
Hydrogen
93%
Nitrogen
87%
Neon
82%
Argon
77%
Xenon
73%
Radon
58%
Krypton
53%
Chlorine
51%
Fluorine
49%

Score Distribution

Percentile by Number Answered

Percent of People with Each Score

Your Score History

You have not taken this quiz